Grover takes care of baby / (Record no. 2184)

MARC details
000 -LEADER
fixed length control field 01186cam a2200361 a 4500
001 - CONTROL NUMBER
control field 2184
003 - CONTROL NUMBER IDENTIFIER
control field FISKH033500712005
005 - DATE AND TIME OF LATEST TRANSACTION
control field 20231108140818.0
008 - FIXED-LENGTH DATA ELEMENTS--GENERAL INFORMATION
fixed length control field 860924s1987 wiua j 000 1 eng
010 ## - LIBRARY OF CONGRESS CONTROL NUMBER
LC control number 86072406
020 ## - INTERNATIONAL STANDARD BOOK NUMBER
International Standard Book Number 0307109100
020 ## - INTERNATIONAL STANDARD BOOK NUMBER
International Standard Book Number 033500712005
020 ## - INTERNATIONAL STANDARD BOOK NUMBER
International Standard Book Number 0307609103 (lib. bdg.)
040 ## - CATALOGING SOURCE
Original cataloging agency DLC
Transcribing agency DLC
Modifying agency DLC
Language of cataloging eng
042 ## - AUTHENTICATION CODE
Authentication code lcac
050 00 - LIBRARY OF CONGRESS CALL NUMBER
Classification number PZ7.T371463
Item number Gr 1987
082 00 - DEWEY DECIMAL CLASSIFICATION NUMBER
Classification number 813.54
Edition number 19
100 1# - MAIN ENTRY--PERSONAL NAME
Personal name Thompson, Emily.
245 10 - TITLE STATEMENT
Title Grover takes care of baby /
Statement of responsibility, etc. by Emily Thompson ; illustrated by Tom Cooke.
260 ## - PUBLICATION, DISTRIBUTION, ETC.
Place of publication, distribution, etc. Racine :
Name of publisher, distributor, etc. Western,
Date of publication, distribution, etc. 1987.
300 ## - PHYSICAL DESCRIPTION
Extent 24 unnumbered pages :
Other physical details color illustrations ;
Dimensions 21 cm.
490 0# - SERIES STATEMENT
Series statement A Golden friendly book
505 ## - FORMATTED CONTENTS NOTE
Formatted contents note O<br/>
520 ## - SUMMARY, ETC.
Summary, etc. Grover imagines all the things he would do if he had a chance to take care of his baby cousin--and he finally gets that chance.
521 ## - TARGET AUDIENCE NOTE
Target audience note 600<br/>
Source Lexile estimate<br/>
521 ## - TARGET AUDIENCE NOTE
Target audience note O<br/>
Source Raz-Plus<br/>
650 #1 - SUBJECT ADDED ENTRY--TOPICAL TERM
Topical term or geographic name entry element Babies
General subdivision Fiction.
650 #1 - SUBJECT ADDED ENTRY--TOPICAL TERM
Topical term or geographic name entry element Puppets
General subdivision Fiction.
650 #1 - SUBJECT ADDED ENTRY--TOPICAL TERM
Topical term or geographic name entry element Babysitters and babysitting
General subdivision Fiction.
700 1# - ADDED ENTRY--PERSONAL NAME
Personal name Cooke, Tom,
Relator term illustrator
906 ## - LOCAL DATA ELEMENT F, LDF (RLIN)
a 7
b cbc
c orignew
d 2
e opcn
f 19
g y-gencatlg
942 ## - ADDED ENTRY ELEMENTS (KOHA)
Source of classification or shelving scheme Dewey Decimal Classification
Koha item type Books
Suppress in OPAC No
Holdings
Withdrawn status Lost status Source of classification or shelving scheme Damaged status Not for loan Collection Home library Current library Shelving location Date acquired Total Checkouts Full call number Barcode Date last seen Price effective from Koha item type
    Dewey Decimal Classification     Juvenile Fiction Footprints International School Library Network Toul Kork Campus Footprints International School Library Network Toul Kork Campus TK Primary Library Room(4th Floor), Bookcase 3&4, Shelves 17-32, Yellow Books 11/08/2023   THO 813.54 PZ7.T371463 FISBK00148 11/08/2023 11/08/2023 Books